| 000 | 00360nam a2200157Ia 4500 | ||
|---|---|---|---|
| 003 | OSt | ||
| 005 | 20240311164428.0 | ||
| 008 | 170524s9999 xx 000 0 und d | ||
| 020 | _a978-8182040144 | ||
| 040 | _cIIMTU MEERUT | ||
| 100 | _aSingh-R.K. | ||
| 245 | 0 | _aBar and Beverage Management | |
| 260 | _bAman Publication | ||
| 260 | _c2006 | ||
| 942 |
_2ddc _c02 |
||
| 999 |
_c7345 _d7345 |
||